[Event "AUTO-INT-2407"]
[Site "http://www.queenalice.com/game.php?id=1116636"]
[Date "2012.10.27"]
[Round "2"]
[White "leking"]
[Black "Soter"]
[Result "1-0"]
[WhiteElo "1539"]
[BlackElo "1589"]

1. e4 g6 2. Nf3 Bg7 3. d4 b6 4. Nc3 Bb7 5. d5 Bxc3+ 6. bxc3 Nf6 7. Bd3 O-O 8.
O-O e6 9. c4 exd5 10. cxd5 c6 11. Bb2 cxd5 12. exd5 Bxd5 13. Re1 Qc7 14. Bxf6
Nc6 15. Re3 Bxf3 16. Qxf3 Nd4 17. Bxd4 Rae8 18. Rae1 Rxe3 19. Rxe3 Qd6 20. Bc3
Qa3 21. Be2 Qd6 22. Qh3 Rc8 23. Qh6 f6 24. Rf3 Rf8 25. Rd3 Qe6 26. Re3 Qf5 27.
Re7 Rf7 28. Re8+ Rf8 29. Qxf8# 1-0

[Event "AUTO-INT-2930"]
[Site "http://www.queenalice.com/game.php?id=1326028"]
[Date "2014.12.4"]
[Round "1"]
[White "pssservicos"]
[Black "Soter"]
[Result "0-1"]
[WhiteElo "1566"]
[BlackElo "1594"]

1. e4 b6 2. e5 Bb7 3. Nc3 g6 4. d4 Bg7 5. Nf3 e6 6. Bg5 Ne7 7. Bxe7 Qxe7 8. d5
O-O 9. dxe6 Qxe6 10. Nb5 Bxe5 11. Nxe5 Qxe5+ 12. Be2 Bxg2 13. Rg1 Qxh2 14. Kd2
Qh6+ 15. Ke1 Qh2 16. Kd2 Bc6 17. Rh1 Qf4+ 18. Kc3 Bxb5 19. Bxb5 Qe5+ 20. Kd2
Qxb5 21. Kc1 Na6 22. Qd2 g5 23. f4 Rae8 24. Qh2 Qf5 25. a4 Re3 26. fxg5 Rfe8 27.
b3 Re2 28. Qh6 Qxc2# 0-1

[Event "AUTO-INT-2930"]
[Site "http://www.queenalice.com/game.php?id=1326029"]
[Date "2014.12.4"]
[Round "1"]
[White "Soter"]
[Black "pssservicos"]
[Result "1-0"]
[WhiteElo "1609"]
[BlackElo "1569"]

1. g3 e5 2. Bg2 Nf6 3. b3 e4 4. Bb2 Ng4 5. e3 d5 6. Bh3 Nf6 7. Bxc8 Qxc8 8. Bxf6
gxf6 9. Qh5 Qe6 10. Ne2 f5 11. Nd4 Qg6 12. Qh4 Be7 13. Qf4 c6 14. Nxf5 Qf6 15.
Nc3 Nd7 16. O-O Ne5 17. Ne2 Nf3+ 18. Kg2 Nxd2 19. Rfd1 Nf3 20. Ned4 Ne5 21. c4
Ng6 22. Qg4 dxc4 23. bxc4 Ne5 24. Qxe4 Nxc4 25. Nxc6 bxc6 26. Qxc4 Rb8 27. Nxe7
Qxe7 28. Qxc6+ Kf8 29. Rd7 Qe6 30. Qc5+ Kg7 31. Qd4+ Qf6 32. Qg4+ Qg6 33. Qxg6+
Kxg6 34. Rxa7 f5 35. Rd1 h5 36. Rd6+ Kg5 37. Rg7# 1-0

[Event "Challenge"]
[Site "http://www.queenalice.com/game.php?id=1326407"]
[Date "2014.12.6"]
[Round "-"]
[White "eduardocosta"]
[Black "Soter"]
[Result "1-0"]
[WhiteElo "1684"]
[BlackElo "1647"]

1. e3 b6 2. Be2 Bb7 3. Bf3 Nc6 4. c3 e6 5. d4 g6 6. b4 Bg7 7. Na3 Nf6 8. Nc4 O-O
9. b5 Na5 10. Nxa5 Bxf3 11. Nxf3 bxa5 12. Qa4 Nd5 13. Qxa5 d6 14. c4 Nb6 15. Qb4
e5 16. dxe5 dxe5 17. O-O e4 18. Nd2 Bxa1 19. Nxe4 Qh4 20. f3 a5 21. Qc5 Qd8 22.
Qc6 Be5 23. Ba3 Re8 24. Nf2 Qh4 25. Ng4 Bd6 26. Bxd6 Re6 27. Qxc7 Nxc4 28. Bg3
Qg5 29. Qxc4 h5 30. Bf4 Qf5 31. Nh6+ Kg7 32. Nxf5+ gxf5 33. a4 Ree8 34. Qc5 Rac8
35. Qxf5 Re6 36. Qxh5 Rh8 37. Be5+ f6 38. Qg4+ Kf7 39. Bd4 Rg8 40. Qf4 Rg6 41.
Qc7+ Re7 42. Qxa5 Re8 43. Qb4 Reg8 44. Rf2 Rh8 45. Qc4+ Kg7 46. Qc7+ Kh6 47. b6
Kg5 48. Qf4+ Kh5 49. e4 Rd8 50. Bxf6 Rd1+ 51. Rf1 Rd3 52. b7 Rb3 53. Qf5+ Kh6
54. Qd5 Re3 55. Bg5+ Rxg5 56. Qd6+ Rg6 57. Qxg6+ Kxg6 58. b8=Q Rc3 59. a5 Rc4
60. a6 Ra4 61. a7 Rxa7 62. Qxa7 Kf6 63. Qb6+ Ke5 64. Qc5+ Kf4 65. e5 Kf5 66. f4
Ke4 67. f5 Kd3 68. e6 Ke2 69. e7 Kd3 70. e8=Q Kd2 71. Qd6+ Kc2 72. Qc8+ Kb2 73.
Qb6+ Ka2 74. Qa8# 1-0

[Event "Challenge"]
[Site "http://www.queenalice.com/game.php?id=1326563"]
[Date "2014.12.7"]
[Round "-"]
[White "eduardocosta"]
[Black "Soter"]
[Result "0-1"]
[WhiteElo "1813"]
[BlackElo "1623"]

1. e3 b6 2. Qf3 Nc6 3. Qd1 Bb7 4. Be2 g6 5. b3 Bg7 6. d4 Nb4 7. Qd2 Nd5 8. Bf3
Ngf6 9. c4 Nxe3 10. Qxe3 Bxf3 11. Nxf3 Ng4 12. Qd3 O-O 13. Nbd2 c6 14. Rb1 d5
15. cxd5 Qxd5 16. Nc4 b5 17. Ne3 Nxe3 18. Bxe3 e5 19. Qd2 exd4 20. Nxd4 Qxg2 21.
Ke2 Rad8 22. Qa5 Rfe8 23. Rbg1 Qe4 24. Nf3 Bh6 25. Qc3 Bxe3 26. fxe3 a6 27. Kf2
Rd3 28. Qc1 Rxe3 29. Rg3 Re2+ 30. Kf1 c5 31. Qxc5 Qb1+ 32. Ne1 Qxe1# 0-1

[Event "Challenge"]
[Site "http://www.queenalice.com/game.php?id=1329157"]
[Date "2014.12.19"]
[Round "-"]
[White "eduardocosta"]
[Black "Soter"]
[Result "0-1"]
[WhiteElo "1677"]
[BlackElo "1632"]

1. e3 b6 2. Be2 Bb7 3. Bf3 c6 4. d4 g6 5. b3 Bg7 6. Bb2 Nf6 7. Nd2 d6 8. Ne4 d5
9. Nxf6+ Bxf6 10. c4 dxc4 11. bxc4 O-O 12. Ne2 Nd7 13. Nc3 e5 14. Ne4 exd4 15.
Bxd4 Bxd4 16. Qxd4 c5 17. Qc3 Re8 18. Nd6 Bxf3 19. gxf3 Re6 20. Nb5 Ne5 21. f4
Nf3+ 22. Ke2 Nh4 23. Rad1 Qe7 24. Rd3 Ng2 25. Kd2 a6 26. Na3 Qh4 27. Rf1 Qxh2
28. Kc2 Rae8 29. Rfd1 Nxe3+ 30. Kb3 Qxf2 31. R1d2 Qxf4 32. Nc2 Nf5 33. a4 h5 34.
Na3 Re4 35. Nb1 Nd4+ 36. Ka2 Re2 37. Rb2 Rxb2+ 38. Kxb2 Ne2 39. Qb3 Nc1 40. Rf3
Re2+ 41. Ka3 Qxf3 42. Qxf3 Ra2# 0-1

[Event "Challenge"]
[Site "http://www.queenalice.com/game.php?id=1329555"]
[Date "2014.12.21"]
[Round "-"]
[White "ORNELAS"]
[Black "Soter"]
[Result "0-1"]
[WhiteElo "1607"]
[BlackElo "1650"]

1. Nf3 b6 2. d4 Bb7 3. d5 Nf6 4. Nc3 g6 5. e4 Bg7 6. Bg5 Ng4 7. Be2 O-O 8. h3
Ne5 9. O-O d6 10. Nb5 a6 11. Nbd4 c5 12. Nb3 Nbd7 13. c4 a5 14. a4 Nf6 15. Nxe5
dxe5 16. Bf3 Ba6 17. Qd3 Qd6 18. Bxf6 Bxf6 19. Nd2 Bg5 20. b3 e6 21. Bg4 exd5
22. exd5 Bd8 23. Ne4 Qb8 24. Qe3 Bc7 25. Qh6 Bd8 26. Rae1 Bc8 27. Bxc8 Qxc8 28.
Re3 Qf5 29. Nd6 Qf6 30. Nb7 Bc7 31. d6 Bxd6 32. Nxd6 Qxd6 33. h4 Rae8 34. h5 Re6
35. Rg3 e4 36. hxg6 fxg6 37. Rg5 Rf7 38. Re1 Qf4 39. Rf1 e3 40. Rd1 exf2+ 41.
Kf1 Re1+ 42. Rxe1 fxe1=Q+ 43. Kxe1 Qe3+ 44. Kd1 Rf1+ 45. Kc2 Rc1+ 46. Kb2 Qc3+
47. Ka3 Ra1# 0-1

[Event "Challenge"]
[Site "http://www.queenalice.com/game.php?id=1335142"]
[Date "2015.1.16"]
[Round "-"]
[White "eduardocosta"]
[Black "Soter"]
[Result "1-0"]
[WhiteElo "1709"]
[BlackElo "1664"]

1. e3 g6 2. b3 Bg7 3. d4 b6 4. Be2 Bb7 5. Bf3 d5 6. c4 Nf6 7. cxd5 Nxd5 8. Ne2
O-O 9. Nec3 Nxc3 10. Nxc3 c6 11. Ba3 Ba6 12. Na4 Re8 13. Rb1 e6 14. Qc1 1-0

[Event "AUTO-INT-2930"]
[Site "http://www.queenalice.com/game.php?id=1339422"]
[Date "2015.2.5"]
[Round "2"]
[White "Soter"]
[Black "juanluciano"]
[Result "0-1"]
[WhiteElo "1589"]
[BlackElo "1755"]

1. g3 e5 2. Bg2 Nf6 3. b3 d5 4. Bb2 Bd6 5. Nc3 Be6 6. Nf3 O-O 7. h4 Bg4 8. d3 a6
9. Ng5 h6 10. Nf3 Nc6 11. Bh3 Bxf3 12. exf3 Bb4 13. O-O d4 14. Ne2 Ne7 15. c3
dxc3 16. Bxc3 Bxc3 17. Nxc3 Ned5 18. Ne4 Qe7 19. Qd2 Rfd8 20. Rac1 c6 21. d4
exd4 22. Qxd4 Nxe4 23. fxe4 Nf4 24. Qe3 Nxh3+ 25. Kg2 Nxf2 26. Rxf2 Re8 27. Rf4
Rad8 28. Rc5 Rd7 29. Rcf5 Rf8 30. Rg4 Kh7 31. Qc3 f6 32. e5 fxe5 33. Rxe5 Qf6
34. Qe3 Rd2+ 35. Qxd2 Qxe5 36. Qd3+ Qf5 37. Qd4 Qf6 38. Rf4 Qxd4 39. Rxd4 Rf7
40. a4 Re7 0-1

[Event "AUTO-INT-2930"]
[Site "http://www.queenalice.com/game.php?id=1339423"]
[Date "2015.2.5"]
[Round "2"]
[White "juanluciano"]
[Black "Soter"]
[Result "1-0"]
[WhiteElo "1745"]
[BlackElo "1599"]

1. e4 b6 2. d4 Bb7 3. Nc3 g6 4. Nf3 Bg7 5. Bd3 Nf6 6. Be3 Nc6 7. O-O h5 8. Bg5
Bh6 9. Bxh6 Rxh6 10. Qd2 Rh8 11. h3 d6 12. Bc4 e6 13. Rfe1 Nb4 14. a3 Nc6 15. d5
Ne5 16. Nxe5 dxe5 17. Qg5 exd5 18. Qxe5+ Qe7 19. Qxe7+ Kxe7 20. exd5+ Kf8 21.
Rad1 Rd8 22. Nb5 Nxd5 23. Nxa7 Nf4 24. Rxd8+ Kg7 25. Rxh8 Kxh8 26. f3 Kg7 27.
Nb5 c6 28. Nc3 b5 29. Re7 bxc4 30. Rxb7 Ne6 31. Ne2 c5 32. a4 Nd8 33. Rc7 Ne6
34. Rc8 Kh6 35. a5 Nd4 36. Nxd4 cxd4 37. Rxc4 f5 38. a6 d3 39. cxd3 Kg5 40. a7
1-0

[Event "AUTO-INT-2930"]
[Site "http://www.queenalice.com/game.php?id=1339424"]
[Date "2015.2.5"]
[Round "2"]
[White "Soter"]
[Black "leking"]
[Result "0-1"]
[WhiteElo "1666"]
[BlackElo "1476"]

1. g3 d5 2. Bg2 e5 3. b3 Nc6 4. Bb2 Nf6 5. Nc3 Be7 6. Nf3 e4 7. Ng5 O-O 8. h4 h6
9. Nh3 Bd6 10. e3 Ng4 11. Nxd5 Be6 12. Bxe4 Bxd5 13. Qxg4 Ne5 14. Bxe5 Bxe5 15.
Bxd5 Qxd5 16. O-O-O Rae8 17. Nf4 Bxf4 18. Qxf4 Qe5 19. Kb1 Qxf4 20. gxf4 f5 21.
d4 Rd8 22. Rhg1 Rf6 23. Rd3 Rfd6 24. Rc3 c6 25. Kb2 b6 26. Rc4 a5 27. a4 g6 28.
Re1 Kf7 29. e4 fxe4 0-1

[Event "AUTO-INT-2930"]
[Site "http://www.queenalice.com/game.php?id=1339425"]
[Date "2015.2.5"]
[Round "2"]
[White "leking"]
[Black "Soter"]
[Result "1-0"]
[WhiteElo "1450"]
[BlackElo "1692"]

1. e4 b6 2. d4 Bb7 3. Nc3 g6 4. Nf3 Bg7 5. Bd3 Nc6 6. Be2 e6 7. O-O h5 8. d5 Ne5
9. Nxe5 Bxe5 10. Be3 Qh4 11. g3 Qh3 12. Bf3 Nf6 13. Bg2 Qg4 14. f3 Qxg3 15. f4
Qxe3+ 16. Rf2 Bxf4 17. Kf1 Ng4 18. Qe2 Nxh2+ 19. Ke1 Qg3 20. Qd3 Qxd3 21. cxd3
exd5 22. Rxf4 O-O 23. Kd2 dxe4 24. Bxe4 Bxe4 25. Nxe4 Ng4 26. Ke2 Rae8 27. Kf3
Ne5+ 28. Ke2 Re6 29. Rd1 1-0

[Event "OS INCLIVEIS"]
[Site "http://www.queenalice.com/game.php?id=1343058"]
[Date "2015.2.21"]
[Round "-"]
[White "adelio"]
[Black "Soter"]
[Result "1-0"]
[WhiteElo "1688"]
[BlackElo "1568"]

1. d4 b6 2. c4 Bb7 3. Nc3 g6 4. e4 Bg7 5. e5 e6 6. Nf3 Ne7 7. h4 Nf5 8. Ng5 f6
9. Nf3 fxe5 10. dxe5 Nc6 11. Bf4 Nb4 12. Bg5 Ne7 13. Be2 Bxf3 14. Bxf3 1-0

[Event "OS INCLIVEIS"]
[Site "http://www.queenalice.com/game.php?id=1343059"]
[Date "2015.2.21"]
[Round "-"]
[White "Soter"]
[Black "adelio"]
[Result "0-1"]
[WhiteElo "1580"]
[BlackElo "1676"]

1. b3 c5 2. Bb2 Nc6 3. g3 d5 4. Bg2 e5 5. e3 Be7 6. Nc3 Nf6 7. h4 Ng4 8. Bf3
Nxf2 9. Kxf2 e4 10. Bg2 h5 11. Nb5 f6 12. Ne2 Bg4 13. d3 f5 0-1